00386nam a2200169Ia 4500008003600000041000800036082001200044100001600056245004700072260003000119650001000149650001200159650001100171650001500182650001100197650000800208210210b xxu||||| |||| 00| 0 eng d aeng a821/398 aMILES (A H) aHumour society parody and occasional verse aLondonbHutchinson & Coc averse asociety aparody aoccasional aHumour aand